000
00280nam a2200097Ia 4500
005
20250424112906.0
008
250424s9999 xx 000 0 und d
300
_a
iv. , 133 p. : ill. ; 30 cm.
650
_a
National Library of Nigeria. Libraries--Nigeria--Periodicals.
942
_c
SR
999
_c
37733
_d
37733